| LEADER | 00852nam a2200181 a 4500 | ||
|---|---|---|---|
| 001 | GR-MES7437 | ||
| 008 | 001013s1994 gr 000 0 gre d | ||
| 040 | |a GrPaTEI |b gre |c GR-PaULI | ||
| 040 | |a GrPaTEI |b gre |c GR-PaULI | ||
| 245 | 0 | 0 | |a Απαντα όσα βρέθηκαν / |c Κ.Σ.Κώνστας |n τόμος 7ος . |p Λαογραφικά κείμενα δημοσιευμένα:απο 1 Απριλίου 1950 ως 25 Μαρτίου 1965. |
| 260 | |a Αθήνα : |b Μαυρίδης, |c 1994 | ||
| 300 | |a 268 σελ. | ||
| 650 | 4 | |a Λαογραφία | |
| 700 | 1 | |a ΚΩΝΣΤΑΣ, Κ.Σ | |
| 942 | |2 ddc | ||
| 971 | |a .b25859067 |b 15-04-20 |c 14-09-16 | ||
| 999 | |c 161488 |d 161488 | ||
| 952 | |0 0 |1 0 |2 ddc |4 0 |6 398_090000000000000_ΚΩΝ |7 0 |9 277785 |a MSLG |b MSLG |c BSC |d 2021-01-17 |e 24 |f 0 |g 0.00 |l 0 |o 398.09 ΚΩΝ |p 2420000014394 |r 2021-01-17 |t 1 |w 2021-01-17 |y BK15 |x 20001013 0 1 |x GrPaTEI | ||